Представление документа в формате RUSMARC

ПолеНазваниеЗначение
  Тип записи a
  Библиографический уровень m
001 Контрольный номер a799f3c351264ded98c34817e3826a56
005 Дата корректировки 20260624143555.1
010 Индекс ISBN __
a ISBN 978-5-17-160623-7
010 Индекс ISBN __
a ISBN 978-5-17-160207-9
9 Тираж 1500 экз.
100 Данные общей обработки __
a Данные общей обработки 20260624d2023 daey0rusa028902 ca
101 Язык документа 0_
a Язык текста rus
102 Страна публикации __
a Страна публикации RU
105 Кодированные данные (монография) __
a Кодированные данные (монография) a z 000yy
181 Поле кодированных данных: вид содержания _0
a Код вида содержания (ISBD) i
182 Поле кодированных данных: тип средства _0
a Код типа средства (ISBD) n
200 Заглавие и сведения об ответственности 1_
a Заглавие Дроны
e Сведения, относящиеся к заглавию открытие мира небесных технологий
e Сведения, относящиеся к заглавию [революционная технология и бескрайние возможности
f Первые сведения об ответственности менеджер проекта Аль-Шаржаби Д.]
203 Вид содержания и тип средства __
a Вид содержания Текст
c Тип средства непосредственный
210 Выходные данные 1_
a Место издания Москва
c Издательство АСТ
d Дата издания 2023
215 Физическое описание __
a Объем 126, [1] с.
c Иллюстрации/тип воспроизводства ил.
d Формат 17 см
225 Серия 1_
a Серия Серия "Четко и по делу"
225 Серия 2_
a Серия Серия "Коротко и ясно"
330 Аннотация __
a Аннотация Данная книга освещает темы, связанные с созданием, развитием и применением дронов в современном обществе. В ней описываются различные типы дронов, их основные компоненты, включая системы управления и навигации. Кроме того, она предлагает обзор разных областей применения дронов, от промышленности до видеопроизводства, научных исследований и прочих сфер. Здесь вы узнаете о новаторских способах использования дронов и о новых возможностях, которые они нам открывают.
333 Примечание о целевом назначении __
a Примечание о целевом назначении 12+. Для детей старше 12 лет
517 Другие варианты заглавия 1_
a Другие варианты заглавия Четко и по делу
517 Другие варианты заглавия 1_
a Другие варианты заглавия Коротко и ясно
540 Дополнительное заглавие, сделанное каталогизатором 10
a Дополнительное заглавие, сделанное каталогизатором Открытие мира небесных технологий
540 Дополнительное заглавие, сделанное каталогизатором 10
a Дополнительное заглавие, сделанное каталогизатором Революционная технология и бескрайние возможности
606 Тематические рубрики __
a Основная рубрика Транспорт
2 Код системы nlr_sh
606 Тематические рубрики __
2 Код системы nlr_sh
a Основная рубрика Воздушный транспорт в целом
610 Ключевые слова 0_
a Ключевые слова дроны
610 Ключевые слова 0_
a Ключевые слова беспилотные летательные аппараты
610 Ключевые слова 0_
a Ключевые слова БПЛА
610 Ключевые слова 0_
a Ключевые слова история развития дронов
610 Ключевые слова 0_
a Ключевые слова технические особенности дронов
610 Ключевые слова 0_
a Ключевые слова применение дронов
610 Ключевые слова 0_
a Ключевые слова правовые аспекты использования дронов
610 Ключевые слова 0_
a Ключевые слова этические аспекты использования дронов
610 Ключевые слова 0_
a Ключевые слова технологии будущего
610 Ключевые слова 0_
a Ключевые слова инновационные технологии
610 Ключевые слова 0_
a Ключевые слова будущее и технологии
610 Ключевые слова 0_
a Ключевые слова технический прогресс
686 Индексы других классификаций __
a Классификационный индекс 39.52-057
2 Код системы rubbks
702 Вторичная интеллектуальная ответственность _1
a Фамилия Аль-Шаржаби
b Имя Д.
4 Код отношения 340
801 Источник записи _1
a Страна RU
b Организация Муниципальное бюджетное учреждение культуры "Централизованная библиотечная система" г. Сургут (Центральная городская библиотека им. А. С. Пушкина)
c Дата составления 20260624
g Правила каталогизации PSBO
801 Источник записи _2
a Страна RU
b Организация Муниципальное бюджетное учреждение культуры "Централизованная библиотечная система" г. Сургут (Центральная городская библиотека им. А. С. Пушкина)
c Дата составления 20260624
2 Код формата rusmarc
g Правила каталогизации PSBO
852 Данные о местонахождении __
i Авторский знак Д 75
j Шифр хранения 39.52-057
901 Тип документа __
a Ответственный ООФиК/Волкова
t Тип документа m
901 Тип документа __
a Ответственный без партии
903 Характеристики (МАРС) __
a Дата передачи 20260624
c Наименование библиотеки (МАРС) Муниципальное бюджетное учреждение культуры "Централизованная библиотечная система" г. Сургут (Центральная городская библиотека им. А. С. Пушкина)
969 Тип издания __
a Тип издания популярное издание
a Тип издания Ф 26